Catálogo público

Apicultura lucrativa (Record no. 65752)

MARC details
000 -CABECERA
campo de control de longitud fija 00902nam a22002657a 4500
005 - FECHA Y HORA DE LA ÚLTIMA TRANSACCIÓN
campo de control 20220329141301.0
008 - DATOS DE LONGITUD FIJA--INFORMACIÓN GENERAL
campo de control de longitud fija 971010s1987 r 00010 d
010 ## - NÚMERO DE CONTROL DE LA BIBLIOTECA DEL CONGRESO
Número de control de LC 65752
011 ## - ENLACE DEL NUMERO DE CONTROL DE LA BIBLIOTECA DEL CONGRESO [OBSOLETO]
Número de control de LC 66724
035 ## - NÚMERO DE CONTROL DEL SISTEMA
Número de control de sistema 75532
082 ## - NÚMERO DE LA CLASIFICACIÓN DECIMAL DEWEY
Número de clasificación 638.12
Número de documento/Ítem P69
100 00 - ENTRADA PRINCIPAL--NOMBRE DE PERSONA
Nombre de persona Pozo, Eduardo del.
9 (RLIN) 91204
245 ## - MENCIÓN DE TÍTULO
Título Apicultura lucrativa
Resto del título : métodos prácticos para instalar y atender colmenas
260 ## - PUBLICACIÓN, DISTRIBUCIÓN, ETC.
Lugar de publicación, distribución, etc. Buenos Aires :
Nombre del editor, distribuidor, etc. Albatros,
Fecha de publicación, distribución, etc. 1987
300 ## - DESCRIPCIÓN FÍSICA
Extensión 184 p.
Otras características físicas : ilus. ; láms
500 ## - NOTA GENERAL
Nota general 1992-283
590 ## - NOTA LOCAL (RLIN)
Nota local BATCH-UPD
Procedencia (VM) [OBSOLETO] 10
Condición del los carretes individuales (VM) [OBSOLETO] 20130110
-- UCH01
-- 0738
590 ## - NOTA LOCAL (RLIN)
Nota local CONVERSION
Procedencia (VM) [OBSOLETO] 10
Condición del los carretes individuales (VM) [OBSOLETO] 20130109
-- UCH01
-- 1336
650 14 - PUNTO DE ACCESO ADICIONAL DE MATERIA--TÉRMINO DE MATERIA
Término de materia o nombre geográfico como elemento de entrada Apicultura.
9 (RLIN) 6241
700 0# - PUNTO DE ACCESO ADICIONAL--NOMBRE DE PERSONA
Nombre de persona Schopflocher, Roberto.
9 (RLIN) 103146
901 ## - ELEMENTOS DE DATOS A LOCAL LDA (RLIN)
a BK
949 ## - PROCESAMIENTO DE INFORMACIÓN LOCAL (OCLC)
a 638.12 P69
b ZA
c LIBRO
d -69557
e LIBRO
f c.2
h 6088
i 75532
s i
949 ## - PROCESAMIENTO DE INFORMACIÓN LOCAL (OCLC)
a 638.12 P69
b ZA
c LIBRO
d -69559
e LIBRO
f c.3
h 6089
i 75532
s i
949 ## - PROCESAMIENTO DE INFORMACIÓN LOCAL (OCLC)
a 638.12 P69
b ZA
c LIBRO
d -8478
e LIBRO
h 6087
i 75532
s i

No items available.